Szczegóły MARC21

Romantyzm. Cz. 1 /

003 -Nazwa inst., której nr kontr. jest w polu 001 [,]
    • @
    • Nazwa instytucji, której n kontrolny jest w polu 001
    • NUKAT
005 -DATA I CZAS OSTATNIEJ MODYFIKACJI [,]
    • @
    • pole kontrolne
    • 20241231103055.0
020 -Międzynarod. znormalizowany nr książki - ISBN [ , ]
    • a
    • Numer ISBN
    • 8388520016 Find
    • q
    • Dopowiedzenie
    • całość
020 -Międzynarod. znormalizowany nr książki - ISBN [ , ]
    • a
    • Numer ISBN
    • 8388520113 Find
    • q
    • Dopowiedzenie
    • t. 5, cz. 1
040 -Instytucja sporządzająca opis [ , ]
    • a
    • Instytucja, która sporządziła opis (NP)
    • GD PAN/KM
    • c
    • Instytucja, która sporządziła rekord (NP)
    • GD PAN/KM
    • d
    • Instytucja, która zmodyfikowała rekord (P)
    • GD PAN/MO
    • d
    • Instytucja, która zmodyfikowała rekord (P)
    • GD PAN/MO
    • d
    • Instytucja, która zmodyfikowała rekord (P)
    • GD PAN/JTs
942 -Rodzaj dokumentu [ , ]
    • c
    • Rodzaj dokumentu
    • Książka
245 -Strefa tytułu i oznaczenia odpowiedzialności [0,0]
    • a
    • Tytuł
    • Romantyzm. Find
    • n
    • Oznaczenie części (P)
    • Cz. 1 /
    • c
    • Pozostałe elementy strefy tytułu i oznaczenia odpowiedzialności (NP)
    • [red. Anna Skoczek ; aut.: Józef Bachórz et al.].
260 -Strefa adresu wydawniczego [ , ]
    • a
    • Miejsce wydania (P)
    • Bochnia [etc.] :
    • b
    • Nazwa wydawcy (P)
    • Wydawn. SMS,
    • c
    • Data wydania (P)
    • 2006.
300 -Strefa opisu fizycznego [ , ]
    • a
    • Określenie formy książki i/lub objętość (NP)
    • 350 s. :
    • b
    • Oznaczenie ilustracji (NP)
    • il. ;
    • c
    • Format (NP)
    • 25 cm.
336 -Typ zawartości [ , ]
    • a
    • Termin opisujący typ zawartości
    • Tekst
    • b
    • Kod określający zawartość
    • txt
    • 2
    • Źródło (terminu i kodu)
    • rdacontent
337 -Typ mediów [ , ]
    • a
    • Tryb odtwarzania
    • Bez urządzenia pośredniczącego
    • b
    • Kod typu mediów
    • n
    • 2
    • Źródło (terminu i kodu)
    • rdamedia
338 -Typ/rodzaj nośnika [ , ]
    • a
    • Hasło opisujące typ nośnika
    • Wolumin
    • b
    • Kod typu nośnika
    • nc
    • 2
    • Źródło (terminu i kodu)
    • rdacarrier
490 -Strefa serii i książki wielotomowej - forma nie do wyszukiwania [1, ]
    • a
    • Tytuł (P)
    • Historia literatury polskiej w dziesięciu tomach ; Find
    • v
    • Numeracja (P)
    • t. 5, cz. 1
830 -Hasło dodatkowe serii i opisu książki wielotomowej - tytuł ujednolicony/tytuł [ ,0]
    • a
    • Tytuł ujednolicony/tytuł (NP)
    • Historia literatury polskiej w dziesięciu tomach
    • v
    • Oznaczenie tomu (NP)
    • t. 5, cz. 1
    • 9
    • KHW
    • 650346
504 -Uwaga dot. bibliogr. załącznikowej [ , ]
    • a
    • Uwaga dot. bibliografii załącznikowej
    • Bibliogr. przy rozdz.
080 -Uniwersalna Klasyfikacja Dziesiętna [ , ]
    • 2
    • Identyfikator wydania tablic
    • UDC-PO58
    • a
    • Symbol klasyfikacji
    • 821.162.1(091)
    • b
    • Dopowiedzenie
    • Literatura polska (historia).
    • x
    • Poddział wspólny
    • "19"
650 -Hasło przedmiotowe [ ,7]
    • a
    • Hasło przedmiotowe
    • Literatura polska
    • y
    • Określnik chronologiczny
    • 19 w.
    • x
    • Określnik rzeczowy
    • historia i krytyka.
    • 2
    • Źródło terminu
    • kaba
    • 9
    • KHW
    • 349426
650 -Hasło przedmiotowe [ ,7]
    • a
    • Hasło przedmiotowe
    • Romantyzm (prąd literacki)
    • z
    • Określnik geograficzny
    • Polska.
    • 2
    • Źródło terminu
    • kaba
    • 9
    • KHW
    • 128077
980 -Symbol UKD [ , ]
    • a
    • UKD
    • 821.162.1(091)"19"
700 -Hasło dodatkowe - nazwa osobowa [1, ]
    • a
    • Nazwa osobowa (NP)
    • Bachórz, Józef Find
    • d
    • Daty biograficzne (NP)
    • (1934-2024).
    • 9
    • KHW
    • 16917
700 -Hasło dodatkowe - nazwa osobowa [1, ]
    • a
    • Nazwa osobowa (NP)
    • Skoczek, Anna. Find
    • e
    • Określenie rodzaju współpracy
    • Red.
    • 9
    • KHW
    • 80385
920 -ISBN [ , ]
    • a
    • ISBN
    • 83-88520-01-6 Find
    • q
    • Dopowiedzenie
    • całość
920 -ISBN [ , ]
    • a
    • ISBN
    • 83-88520-11-3 Find
    • q
    • Dopowiedzenie
    • t. 5, cz. 1
Numer inwentarzowy Lokalizacja Sygnatura Status udost. Data inwentaryzacji
Z.109551BG 12007-10-18
P.20785BMPOL.Lit. polska–hist. i kryt. 1512007-12-19